Language Quiz

Random Language or Spanish Quiz

¡Diacritics are Important! (Español) Quiz Stats

 Plays Quiz Updated Jul 2, 2018

Challenge
Share
Tweet
Embed
Score 0/60 Timer 05:00
0 Plays Today
Hint Answer % Correct
5
95.8%
5si
95.7%
1
95.3%
1mi
95.3%
3él
94.8%
3el
94.8%
2
94%
2tu
93.9%
8qué
90.3%
8que
90.2%
4
90%
4te
90%
18año
88.8%
18ano
88.7%
15papá
88.2%
15papa
88.1%
14uña
87.3%
14una
87.3%
9de
87.1%
9
87.1%
7más
84.4%
7mas
84.4%
6
81.5%
6se
81.5%
10esta
80.5%
10está
80.4%
12cómo
80.1%
12como
80.1%
21este
69.4%
21esté
69.4%
Hint Answer % Correct
23bailé
63%
23baile
63%
28público
62.6%
28publicó
62.6%
28publico
62.6%
26cálculo
57.2%
26calculó
57.2%
26calculo
57.1%
29término
55%
29terminó
55%
29termino
55%
17irá
54%
17ira
53.9%
27depósito
53.2%
27depositó
53.2%
27deposito
53.1%
25límite
51.4%
25limité
51.4%
22cerro
44.4%
22cerró
44.4%
11aún
39%
11aun
39%
16mudo
36.8%
16mudó
36.8%
24cortés
31.1%
24cortes
31.1%
20lastima
26.5%
20lástima
26.5%
19trago
24.2%
19tragó
24.2%

You're not logged in!

Compare scores with friends on all Sporcle quizzes.
Join for Free
OR
Log In

You Might Also Like...

Show Comments

Extras

Top Quizzes Today


Score Distribution

Your Account Isn't Verified!

In order to create a playlist on Sporcle, you need to verify the email address you used during registration. Go to your Sporcle Settings to finish the process.

Report this User

Report this user for behavior that violates our Community Guidelines.

Details: